Statistics for Biggest US Cities Starting with F

Click here to take the quiz!

General Stats

  • This quiz has been taken 346 times
  • The average score is 11 of 20

Answer Stats

StateCityPopulation% Correct
CAFresno531,576
96%
TXFort Worth909,585
95%
INFort Wayne270,402
83%
NDFargo124,662
81%
FLFort Lauderdale182,437
80%
COFort Collins170,243
73%
NCFayetteville211,657
63%
ARFayetteville87,590
63%
MIFlint95,538
60%
ARFort Smith87,891
59%
CAFremont241,110
59%
TXFrisco200,490
59%
FLFort Myers87,103
45%
CAFontana214,547
37%
TNFranklin83,097
37%
CAFullerton138,632
37%
CAFairfield117,133
29%
WAFederal Way96,289
28%
INFishers95,310
24%
MAFall River89,541
23%

Score Distribution

Percentile by Number Answered

Percent of People with Each Score

Your Score History

You have not taken this quiz